All-Time Boston Bruins - Statistics

General Stats
  • This quiz has been taken 354 times
  • The average score is 8 of 13
Answer Stats
Position Answer % Correct
1st Line D Orr
94%
1st Line D Bourque
83%
2nd Line D Chara
81%
2nd Line LW Bergeron
80%
Backup Goalie Thomas
78%
1st Line C Esposito
77%
1st Line LW Bucyk
62%
1st Line RW Neely
62%
Starting Goalie Cheevers
54%
Coach Julien
41%
2nd Line RW O'Reilly
33%
2nd Line D Park
33%
2nd Line C Schmidt
32%
No matching quizzes found
Score Distribution
Percent of People with Each Score
Percentile by Number Answered
Your Score History
You have not taken this quiz